Chuột trong nghiên cứu y dược học /

محفوظ في:
التفاصيل البيبلوغرافية
المؤلف الرئيسي: Nguyễn Hữu Đức, PGS.TS.
التنسيق: مقال
اللغة:Vietnamese
الموضوعات:
الوسوم: إضافة وسم
لا توجد وسوم, كن أول من يضع وسما على هذه التسجيلة!
Thư viện lưu trữ: Thư viện Trường Đại học Đà Lạt
LEADER 00766nam a2200265 4500
001 DLU100105257
005 ##20100325
040 # # |a DLU  |b vie 
041 # # |a vie 
044 # # |a vn 
100 # # |a Nguyễn Hữu Đức,   |c PGS.TS. 
245 # # |a Chuột trong nghiên cứu y dược học /  |c Nguyễn Hữu Đức. 
653 # # |a Động vật 
653 # # |a Chuột bạch 
653 # # |a Nghiên cứu khoa học 
773 # # |t Thuốc và sức khỏe  |g Số2(348-349), 2008, tr. 27 
920 # # |a Phòng Tạp chí -- Trung tâm Thông tin - Thư viện Trường Đại học Đà Lạt 
994 # # |a DLU 
900 # # |a True 
911 # # |a Nguyễn Thị Linh Chi 
925 # # |a G 
926 # # |a A 
927 # # |a BB 
980 # # |a Thư viện Trường Đại học Đà Lạt